[Event "Andorra op 39th"]
[Site "Escaldes"]
[Date "2023.07.26"]
[Round "5"]
[White "Ortega Lopez, Mikel"]
[Black "Martinez Martinez, Mateo"]
[Result "0-1"]
[WhiteElo "2240"]
[BlackElo "2093"]
[PlyCount "78"]
[EventDate "2023.07.22"]
[EventType "swiss"]
[EventRounds "9"]
[EventCountry "AND"]
[SourceTitle "CBM 215 Extra"]
[Source "ChessBase"]
[SourceDate "2023.09.30"]
[SourceVersion "1"]
[SourceVersionDate "2023.09.30"]
[SourceQuality "1"]

1. e4 c5 2. Nf3 d6 3. d4 cxd4 4. Nxd4 Nf6 5. Nc3 a6 6. Be3 e5 7. Nb3 Be6 8. h3 Be7 9. Qf3 Nbd7 10. 0-0-0 0-0 11. g4 Ne8 12. Kb1 Nb6 13. Nd5 Nxd5 14. exd5 Bd7 15. Bd3 b5 16. h4 a5 17. Rdg1 b4 18. Nd2 Rb8 19. g5 Qc8 20. Qe4 f5 21. gxf6 Nxf6 22. Qg2 Rf7 23. Bg5 Bf5 24. Bxf6 Bxf6 25. Ne4 Be7 26. Qg3 a4 27. Ng5 Bxg5 28. hxg5 e4 29. g6 Bxg6 30. Qh4 exd3 31. Rxg6 Qxc2+ 32. Ka1 d2 33. Qxh7+ Kf8 34. Qh8+ Ke7 35. Re6+ Kd7 36. Rxd6+ Kc7 37. Rc6+ Qxc6 38. Qxb8+ Kxb8 39. dxc6 Re7 0-1

[Event "Kavala op 31st"]
[Site "Kavala"]
[Date "2022.07.27"]
[Round "2"]
[White "Ortega Lopez, Mikel"]
[Black "Can, Isik"]
[Result "1/2-1/2"]
[WhiteElo "2249"]
[BlackElo "2445"]
[PlyCount "36"]
[EventDate "2022.07.26"]
[EventType "swiss"]
[EventRounds "9"]
[EventCountry "GRE"]
[SourceTitle "CBM 209 Extra"]
[Source "ChessBase"]
[SourceDate "2022.09.30"]
[SourceVersion "1"]
[SourceVersionDate "2022.09.30"]
[SourceQuality "1"]

1. e4 e5 2. Nf3 Nc6 3. Bb5 a6 4. Ba4 Nge7 5. 0-0 g6 6. d4 exd4 7. Bxc6 Nxc6 8. Bg5 f6 9. Bh4 Bg7 10. Nxd4 0-0 11. Nc3 d6 12. f4 Qe8 13. f5 Bd7 14. Qd2 Rc8 15. Rae1 Nxd4 16. Qxd4 Qe5 17. Qd3 Kh8 18. b3 gxf5 1/2-1/2

[Event "La Roda op 45th"]
[Site "La Roda"]
[Date "2018.03.29"]
[Round "3"]
[White "Oratovsky, Michael"]
[Black "Ortega Lopez, Mikel"]
[Result "1-0"]
[WhiteElo "2445"]
[BlackElo "2240"]
[PlyCount "89"]
[EventDate "2018.03.28"]
[EventType "swiss"]
[EventRounds "9"]
[EventCountry "ESP"]
[SourceTitle "CBM 183 Extra"]
[Source "ChessBase"]
[SourceDate "2018.04.19"]
[SourceVersion "1"]
[SourceVersionDate "2018.04.19"]
[SourceQuality "1"]

1. e4 c5 2. Nf3 Nc6 3. Bb5 e6 4. 0-0 Nge7 5. d4 cxd4 6. Nxd4 Qb6 7. Nxc6 bxc6 8. Be2 Ng6 9. c4 Be7 10. Nc3 0-0 11. Na4 Qa5 12. f4 d6 13. g3 Rd8 14. Bd2 Qc7 15. Qe1 a5 16. c5 dxc5 17. b3 Rd4 18. Bc4 Ba6 19. Bxa5 Qa7 20. Bxa6 Qxa6 21. Bc3 Rdd8 22. Nb2 Nf8 23. Nc4 Nd7 24. Rf2 Nb6 25. Ba5 Nxc4 26. Bxd8 Bxd8 27. bxc4 Qxc4 28. Rc1 Qd4 29. Kg2 Ba5 30. Qe2 Bb4 31. Rd1 Qf6 32. Rd7 Bc3 33. e5 Qg6 34. Qc2 Bd4 35. Qxg6 hxg6 36. Rc2 Kf8 37. Rc7 Ra6 38. Kf3 Ra3+ 39. Kg4 Ra6 40. h4 Ke8 41. Rh2 Kf8 42. h5 Kg8 43. hxg6 fxg6 44. Rc8+ Kf7 45. Rhh8 1-0

[Event "Pamplona 1st"]
[Site "Pamplona"]
[Date "2017.09.01"]
[Round "7"]
[White "Ortega Lopez, Mikel"]
[Black "Nieves Cabanes, Jose Manuel"]
[Result "0-1"]
[WhiteElo "2244"]
[BlackElo "2309"]
[PlyCount "92"]
[EventDate "2017.08.28"]
[EventType "tourn"]
[EventRounds "9"]
[EventCountry "ESP"]
[SourceTitle "EXT 2024"]
[Source "ChessBase"]
[SourceDate "2023.10.10"]
[SourceVersion "1"]
[SourceVersionDate "2023.10.10"]
[SourceQuality "1"]

1. e4 e5 2. Nf3 Nc6 3. Nc3 Nf6 4. d4 Bb4 5. Nxe5 Qe7 6. Qd3 Nxe5 7. dxe5 Qxe5 8. Bd2 0-0 9. f3 d5 10. 0-0-0 dxe4 11. Nxe4 Bxd2+ 12. Nxd2 Be6 13. Qb5 Nd5 14. Bd3 a6 15. Qa5 b6 16. Qa3 c5 17. Rhe1 Qc7 18. Be4 Rad8 19. Bxd5 Bxd5 20. Ne4 Bxe4 21. fxe4 Qxh2 22. Qxa6 Ra8 23. Qxb6 Rxa2 24. Kb1 Raa8 25. Qd6 Qxg2 26. Rg1 Qxe4 27. Rd3 g6 28. Qxc5 Rfc8 29. Qf2 Qe6 30. Rb3 Rc7 31. Re1 Qd5 32. Qg3 Rac8 33. Rd3 Qb5 34. Re2 Rb7 35. b3 Ra7 36. Re5 Qa6 37. Kc1 Qa1+ 38. Kd2 Rxc2+ 39. Ke3 Qc1+ 40. Ke4 Re2+ 41. Kd4 Rd7+ 42. Rd5 Rxd5+ 43. Kxd5 Re8 44. Qh4 Qc8 45. Qc4 Qe6+ 46. Kd4 Qe5# 0-1

[Event "Euskadi-ch"]
[Site "Zornotza"]
[Date "2017.04.22"]
[Round "6"]
[White "Ortega Lopez, Mikel"]
[Black "Trigo Urquijo, Sergio"]
[Result "0-1"]
[WhiteElo "2272"]
[BlackElo "2397"]
[PlyCount "105"]
[EventDate "2017.04.17"]
[EventType "swiss"]
[EventRounds "7"]
[EventCountry "ESP"]
[SourceTitle "CBM 178 Extra"]
[Source "ChessBase"]
[SourceDate "2017.06.22"]
[SourceVersion "1"]
[SourceVersionDate "2017.06.22"]
[SourceQuality "1"]

1. e4 e5 2. Nf3 Nc6 3. Bb5 a6 4. Ba4 Nf6 5. 0-0 Be7 6. Re1 b5 7. Bb3 d6 8. c3 0-0 9. h3 Nb8 10. d4 Nbd7 11. c4 c6 12. Qc2 Bb7 13. Nc3 Rc8 14. a3 h6 15. Be3 Re8 16. Rad1 Qc7 17. Qe2 Bf8 18. dxe5 dxe5 19. Bc2 Nc5 20. b4 Ne6 21. c5 g6 22. Bb3 Nh5 23. g3 Rcd8 24. Nh2 Nd4 25. Qa2 Bc8 26. Kg2 Nf6 27. Bxd4 exd4 28. Ne2 Rxe4 29. Nf4 Kg7 30. Rxe4 Nxe4 31. Qb2 Be7 32. Nf3 Bf6 33. Nxd4 Bxd4 34. Rxd4 Qe5 35. Rd2 Qxb2 36. Rxb2 Rd2 37. Rxd2 Nxd2 38. Bc2 Kf6 39. Ne2 Be6 40. f4 Nc4 41. Be4 Nxa3 42. Bxc6 Nc2 43. Bb7 Nxb4 44. Nc3 Ke7 45. Kf3 Bxh3 46. g4 f5 47. gxf5 Bxf5 48. Ke3 Kd7 49. Kd4 Kc7 50. Bf3 h5 51. Ke5 Nd3+ 52. Kf6 Nxf4 53. Na2 0-1

[Event "Euskadi-ch"]
[Site "Zornotza"]
[Date "2017.04.21"]
[Round "5"]
[White "Prieto Aranguren, Alain"]
[Black "Ortega Lopez, Mikel"]
[Result "0-1"]
[WhiteElo "2224"]
[BlackElo "2272"]
[PlyCount "104"]
[EventDate "2017.04.17"]
[EventType "swiss"]
[EventRounds "7"]
[EventCountry "ESP"]
[SourceTitle "CBM 178 Extra"]
[Source "ChessBase"]
[SourceDate "2017.06.22"]
[SourceVersion "1"]
[SourceVersionDate "2017.06.22"]
[SourceQuality "1"]

1. d4 Nf6 2. Bg5 c5 3. d5 g6 4. Nc3 d6 5. e4 Bg7 6. Be2 0-0 7. Nf3 b5 8. Bxb5 Nxe4 9. Nxe4 Qa5+ 10. Nfd2 Qxb5 11. Bxe7 Re8 12. Bxd6 f5 13. c4 Qb6 14. 0-0 fxe4 15. Bf4 Nd7 16. Rb1 Nf6 17. h3 e3 18. Bxe3 Bf5 19. b4 Bxb1 20. Bxc5 Qc7 21. Qxb1 Qf4 22. Be3 Rxe3 23. fxe3 Qxe3+ 24. Rf2 Rf8 25. Qb3 Qe1+ 26. Nf1 Ne4 27. Rxf8+ Bxf8 28. Qe3 Bxb4 29. Qxe1 Bxe1 30. Nh2 Bc3 31. Kf1 Nd2+ 32. Ke2 Nxc4 33. Kd3 Be5 34. Ng4 Nb2+ 35. Ke4 Bg7 36. d6 Kf7 37. Kd5 Nd3 38. a4 Ke8 39. Kc6 Kd8 40. Ne3 Bd4 41. Nc2 Bb6 42. Na3 Bf2 43. Nc4 Bg3 44. Kb7 Nc5+ 45. Kc6 Nxa4 46. Na5 Nb6 47. Nb7+ Ke8 48. Nc5 Nc4 49. Ne4 Bf4 50. d7+ Kd8 51. g3 Bb8 52. Kb7 Nd6+ 0-1

[Event "Euskadi-ch"]
[Site "Zornotza"]
[Date "2017.04.17"]
[Round "1"]
[White "Fernandez Zubitur, Jokin"]
[Black "Ortega Lopez, Mikel"]
[Result "1/2-1/2"]
[WhiteElo "2019"]
[BlackElo "2272"]
[PlyCount "39"]
[EventDate "2017.04.17"]
[EventType "swiss"]
[EventRounds "7"]
[EventCountry "ESP"]
[SourceTitle "CBM 178 Extra"]
[Source "ChessBase"]
[SourceDate "2017.06.22"]
[SourceVersion "1"]
[SourceVersionDate "2017.06.22"]
[SourceQuality "1"]

1. e4 c5 2. b3 Nc6 3. Bb2 e5 4. Bb5 d6 5. Ne2 Nge7 6. 0-0 g6 7. f4 Bg7 8. d3 0-0 9. Bxc6 Nxc6 10. a4 f5 11. Nd2 d5 12. exd5 Qxd5 13. Nc4 e4 14. Bxg7 Kxg7 15. dxe4 Qxe4 16. Nc3 Qd4+ 17. Qxd4+ Nxd4 18. Rf2 Bd7 19. Rd1 Rad8 20. Rfd2 1/2-1/2

[Event "ESP-ch rapid"]
[Site "Linares"]
[Date "2016.08.14"]
[Round "5"]
[White "Ortega Lopez, Mikel"]
[Black "Hernandez Estevez, Yudania"]
[Result "1-0"]
[WhiteElo "2299"]
[BlackElo "2232"]
[PlyCount "95"]
[EventDate "2016.08.14"]
[EventType "swiss (rapid)"]
[EventRounds "9"]
[EventCountry "ESP"]
[SourceTitle "CBM 173 Extra"]
[Source "ChessBase"]
[SourceDate "2016.08.29"]
[SourceVersion "1"]
[SourceVersionDate "2016.08.29"]
[SourceQuality "1"]

1. e4 c6 2. Nc3 d5 3. Nf3 Bg4 4. h3 Bxf3 5. Qxf3 e6 6. d4 Nd7 7. Bd3 Bb4 8. Bd2 Qb6 9. exd5 cxd5 10. 0-0 Ngf6 11. Rae1 0-0 12. Qf4 Rfc8 13. a3 Bd6 14. Qh4 Nf8 15. f4 Ng6 16. Qf2 Ne7 17. Kh1 Bb8 18. b3 a6 19. g4 Qd6 20. Re2 Rc6 21. a4 Ba7 22. Rfe1 Rac8 23. f5 Rxc3 24. Bxc3 Rxc3 25. fxe6 Ng6 26. exf7+ Kxf7 27. g5 Bb8 28. gxf6 gxf6 29. Re6 Qf4 30. Bxg6+ Kxg6 31. Qxf4 Bxf4 32. R1e2 Rxh3+ 33. Kg2 Rg3+ 34. Kf2 h5 35. Re8 Kf5 36. Rd8 h4 37. Rxd5+ Kg4 38. Rd8 Rf3+ 39. Kg2 h3+ 40. Kg1 Be3+ 41. Kh2 Bf4+ 42. Kg1 Be3+ 43. Kh2 Bf4+ 44. Kg1 Be3+ 45. Kh2 Bf4+ 46. Kg1 Kg3 47. Rg8+ Bg5 48. d5 1-0

[Event "ESP-ch U18"]
[Site "Granada"]
[Date "2016.07.30"]
[Round "9"]
[White "Buiza Prieto, Eihartze"]
[Black "Ortega Lopez, Mikel"]
[Result "1-0"]
[WhiteElo "2165"]
[BlackElo "2308"]
[PlyCount "59"]
[EventDate "2016.07.25"]
[EventType "swiss"]
[EventRounds "9"]
[EventCountry "ESP"]
[SourceTitle "EXT 2024"]
[Source "ChessBase"]
[SourceDate "2023.10.10"]
[SourceVersion "1"]
[SourceVersionDate "2023.10.10"]
[SourceQuality "1"]

1. e4 e5 2. Nf3 Nc6 3. Bb5 a6 4. Ba4 Nge7 5. c3 g6 6. 0-0 Bg7 7. d4 exd4 8. cxd4 b5 9. Bb3 0-0 10. Nc3 d6 11. h3 Na5 12. Bc2 c5 13. dxc5 dxc5 14. Qxd8 Rxd8 15. Be3 Nc4 16. Bxc5 Nc6 17. Nd5 Bb7 18. Nb6 Nxb6 19. Bxb6 Re8 20. Rad1 Bxb2 21. Bb3 Bf6 22. Rd7 Re7 23. Rfd1 Rae8 24. Bc5 Rxd7 25. Rxd7 Nd8 26. e5 Bc6 27. Rc7 Bxf3 28. exf6 Be2 29. Re7 Rxe7 30. fxe7 1-0

[Event "ESP-ch U18"]
[Site "Granada"]
[Date "2016.07.26"]
[Round "3"]
[White "Jimenez Ruano, Adrian"]
[Black "Ortega Lopez, Mikel"]
[Result "0-1"]
[WhiteElo "2089"]
[BlackElo "2308"]
[PlyCount "80"]
[EventDate "2016.07.25"]
[EventType "swiss"]
[EventRounds "9"]
[EventCountry "ESP"]
[SourceTitle "EXT 2024"]
[Source "ChessBase"]
[SourceDate "2023.10.10"]
[SourceVersion "1"]
[SourceVersionDate "2023.10.10"]
[SourceQuality "1"]

1. d4 Nf6 2. c4 e6 3. Nc3 Bb4 4. e3 d5 5. Bd3 e5 6. dxe5 dxc4 7. Qa4+ Nc6 8. Bxc4 Ne4 9. Qc2 Bf5 10. Bd3 Qd5 11. Nf3 0-0-0 12. Nh4 Nxe5 13. 0-0 Qxd3 14. Qxd3 Rxd3 15. Nxf5 Bxc3 16. bxc3 Nc4 17. f3 Nxc3 18. e4 g6 19. Ng3 Rhd8 20. Bg5 R8d6 21. Rac1 b5 22. Rfe1 Ra6 23. Nh1 b4 24. Nf2 Rd7 25. Ng4 Rxa2 26. Kh1 a5 27. Bf6 Rd3 28. Nh6 Ne3 29. Nxf7 Nxg2 30. Rf1 Nf4 31. Bg5 Nh3 32. Bh6 Nf2+ 33. Kg2 Ng4+ 34. Kh3 Nxh6 35. Nxh6 b3 36. Rce1 Re2 37. Rxe2 Nxe2 38. e5 b2 39. e6 Rxf3+ 40. Rxf3 Ng1+ 0-1

[Event "Condom 15th"]
[Site "Condom"]
[Date "2016.07.09"]
[Round "1"]
[White "Benmesbah, Natacha"]
[Black "Ortega Lopez, Mikel"]
[Result "1-0"]
[WhiteElo "2220"]
[BlackElo "2308"]
[PlyCount "55"]
[EventDate "2016.07.09"]
[EventType "tourn"]
[EventRounds "9"]
[EventCountry "FRA"]
[EventCategory "4"]
[SourceTitle "EXT 2017"]
[Source "ChessBase"]
[SourceDate "2016.10.25"]
[SourceVersion "1"]
[SourceVersionDate "2016.10.25"]
[SourceQuality "1"]

1. e4 c5 2. Nf3 Nf6 3. e5 Nd5 4. b3 e6 5. Bb2 a6 6. c4 Nf4 7. g3 Ng6 8. Bg2 Nc6 9. 0-0 Be7 10. h4 f6 11. exf6 Bxf6 12. Bxf6 Qxf6 13. Nc3 0-0 14. Ne4 Qe7 15. d4 d5 16. Nxc5 dxc4 17. bxc4 e5 18. Ng5 Nxd4 19. Bd5+ Kh8 20. Nxh7 Nf3+ 21. Bxf3 Kxh7 22. Be4 Rf6 23. h5 Qxc5 24. hxg6+ Kg8 25. Qh5 Be6 26. Qh7+ Kf8 27. Qh8+ Bg8 28. Bd5 1-0

[Event "Navarra-ch"]
[Site "Pamplona"]
[Date "2016.05.07"]
[Round "8"]
[White "Ortega Lopez, Mikel"]
[Black "Urriza Iricibar, Pablo"]
[Result "1/2-1/2"]
[WhiteElo "2332"]
[BlackElo "2149"]
[PlyCount "82"]
[EventDate "2016.03.05"]
[EventType "swiss"]
[EventRounds "8"]
[EventCountry "ESP"]
[SourceTitle "EXT 2018"]
[Source "ChessBase"]
[SourceDate "2017.10.13"]
[SourceVersion "1"]
[SourceVersionDate "2017.10.13"]
[SourceQuality "1"]

1. e4 e6 2. d4 d5 3. Nd2 h6 4. c3 c5 5. Bd3 Nc6 6. Ngf3 Nf6 7. 0-0 cxd4 8. cxd4 dxe4 9. Nxe4 Be7 10. Nxf6+ Bxf6 11. Be3 0-0 12. Rc1 Ne7 13. Qd2 Re8 14. Bf4 Nd5 15. Be5 Bd7 16. Be4 Bc6 17. Bxf6 Qxf6 18. Ne5 Rad8 19. Nxc6 bxc6 20. Bxd5 Rxd5 21. Rxc6 Rxd4 22. Qc3 Red8 23. g3 Rd2 24. Qxf6 gxf6 25. Ra6 Rxb2 26. Rxa7 Rdd2 27. a3 Ra2 28. Ra4 f5 29. g4 f4 30. Rxf4 Rxa3 31. Rc1 Rd7 32. Kg2 Kg7 33. Rc5 f6 34. Rc6 Re7 35. Rb4 e5 36. Rbb6 Rf7 37. Re6 Ra4 38. Kg3 Rf4 39. f3 Rc7 40. Rec6 Ra7 41. Ra6 Rb7 1/2-1/2

[Event "Atarrabia op 26th"]
[Site "Atarrabia"]
[Date "2016.03.19"]
[Round "5"]
[White "Vocaturo, Daniele"]
[Black "Ortega Lopez, Mikel"]
[Result "1-0"]
[WhiteElo "2557"]
[BlackElo "2332"]
[PlyCount "54"]
[EventDate "2016.03.19"]
[EventType "swiss (rapid)"]
[EventRounds "9"]
[EventCountry "ESP"]
[SourceTitle "CBM 171 Extra"]
[Source "ChessBase"]
[SourceDate "2016.04.26"]
[SourceVersion "1"]
[SourceVersionDate "2016.04.26"]
[SourceQuality "1"]

1. e4 c5 2. Nc3 a6 3. f4 e6 4. Nf3 b5 5. d4 cxd4 6. Qxd4 Nf6 7. Bd3 Nc6 8. Qf2 d5 9. e5 Ng4 10. Qg3 h5 11. h3 Nh6 12. Qf2 Nb4 13. Nd4 Nxd3+ 14. cxd3 Bd7 15. Be3 g6 16. 0-0-0 b4 17. Nce2 a5 18. Kb1 Be7 19. g4 h4 20. Rhg1 a4 21. f5 gxf5 22. Bxh6 Rxh6 23. gxf5 Rh8 24. Nf4 Qb6 25. fxe6 Bxe6 26. Nfxe6 fxe6 27. Rg7 Ra7 1-0

[Event "ESP-ch 80th"]
[Site "Linares"]
[Date "2015.08.27"]
[Round "5"]
[White "Alvarado Diaz, Alejandro"]
[Black "Ortega Lopez, Mikel"]
[Result "1-0"]
[WhiteElo "2408"]
[BlackElo "2204"]
[PlyCount "63"]
[EventDate "2015.08.23"]
[EventType "swiss"]
[EventRounds "9"]
[EventCountry "ESP"]
[SourceTitle "EXT 2016"]
[Source "ChessBase"]
[SourceDate "2015.10.08"]
[SourceVersion "1"]
[SourceVersionDate "2015.10.08"]
[SourceQuality "1"]

1. d4 Nf6 2. c4 e6 3. Nc3 Bb4 4. Qc2 0-0 5. a3 Bxc3+ 6. Qxc3 b6 7. Bg5 Bb7 8. e3 h6 9. Bh4 g5 10. Bg3 Ne4 11. Qc2 f5 12. f3 Nxg3 13. hxg3 Qf6 14. 0-0-0 Nc6 15. Bd3 Kg7 16. Ne2 Ne7 17. Kb1 d6 18. Rdf1 c5 19. g4 cxd4 20. Ng3 Qe5 21. f4 gxf4 22. exf4 Qc5 23. Re1 Qc8 24. Qe2 Rf7 25. gxf5 Nxf5 26. Qg4+ Kf8 27. Nxf5 exf5 28. Qg6 Be4 29. Qxh6+ Ke7 30. Bxe4 fxe4 31. Rxe4+ Kd7 32. Qe6+ 1-0